Fix your Ford, V8's and 6's.

Vols. for 1952-1957 cover models from 1932; 1958-1978 cover models from 1946.

Bibliographic Details
Format: Serial
Language:English
Published: Chicago : Goodheart-Willcox Co., 19 -1978.
Subjects:
Online Availability: Check for online availability

MARC

Tag First Indicator Second Indicator Subfields
LEADER 00000cas a2200000 a 4500
001 in00000043023
005 20151007064959.0
008 760409d19uu1978iluar 0uuua0engm
010 |a  61009347  
022 |a 0071-5689 
035 |a (OCoLC)02103948 
035 |9 AAE1017AM 
040 |a DLC  |c KSU  |d MUL  |d NYG  |d m.c.  |d MUL  |d TXA  |d UtOrBLW 
049 |a TXAE 
050 0 0 |a TL215.F7  |b F5 
082 0 |a 629.287 
090 |a TL215.F7  |b F5 
245 0 0 |a Fix your Ford, V8's and 6's. 
264 1 |a Chicago :  |b Goodheart-Willcox Co.,  |c 19 -1978. 
300 |a volumes :  |b illustrations ;  |c 23 cm. 
310 |a Annual 
336 |a text  |b txt  |2 rdacontent 
337 |a unmediated  |b n  |2 rdamedia 
338 |a volume  |b nc  |2 rdacarrier 
362 0 |a 19 -1978 
520 |a Vols. for 1952-1957 cover models from 1932; 1958-1978 cover models from 1946. 
650 0 |a Ford automobile  |x Periodicals. 
999 |a MARS 
999 f f |s 392e1b64-54f9-3d1c-8e64-63574a035ad0  |i 7f532a00-0cb2-3cf8-9b77-dfbe79cb6b9c  |t 0 
952 f f |p normal  |a Texas A&M University  |b College Station  |c Sterling C. Evans Library  |s Evans stk  |d Evans: Library Stacks  |t 0  |e TL215.F7 F5  |h Library of Congress classification  |i unmediated -- volume  |l 1978  |m A14807263850 
952 f f |p normal  |a Texas A&M University  |b College Station  |c Sterling C. Evans Library  |s Evans stk  |d Evans: Library Stacks  |t 0  |e TL215.F7 F5  |h Library of Congress classification  |i unmediated -- volume  |l 1976  |m A14807260771 
998 f f |a TL215.F7 F5  |s 1978  |t 0  |l Evans: Library Stacks